| 000 | 02953cam a2200337 i 4500 | ||
|---|---|---|---|
| 003 | SA-RiAUC | ||
| 005 | 20250417081628.0 | ||
| 008 | 250416s1992 su f b 00000 ara c | ||
| 024 | 0 | _a00000000989518 | |
| 040 |
_aSA-RiAUC _bara _cSA-RiAUC _dAE-DuMBRL _erda |
||
| 050 | 4 | _b.S55 1992 | |
| 082 | 0 | 4 |
_a258 _qSA-RiAUC |
| 090 |
_a258 _b ش ن ق |
||
| 100 | 1 |
_aالشنقيطي، محمد عبد الله محمد _eمؤلف. |
|
| 245 | 1 | 0 |
_aتعارض البينات في الفقه الإسلامي : _bدراسة مقارنة بين المذاهب الأربعة / _cتأليف محمد عبد الله محمد الشنقيطي. |
| 250 | _aالطبعة الأولى. | ||
| 264 | 1 |
_a[مكان النشر غير محدد] : _b[الناشر غير محدد]، _c1992. |
|
| 264 | 3 |
_aالرياض : _bمطابع دار الهلال |
|
| 300 |
_a359 صفحة ؛ _c24 × 17 سم |
||
| 336 |
_aنص _btxt _2rdacontent _3كتاب |
||
| 337 |
_aبدون وسيط _bn _2rdamedia |
||
| 338 |
_aمجلد _bnc _2rdacarrier |
||
| 500 | _aالأصل أطروحة (ماجستير)-جامعة الإمام محمد بن سعود الإسلامية، 1988. | ||
| 504 | _aببيلوجرافية : صفحة 333-348. | ||
| 520 | _aيتناول كتاب (تعارض البينات في الفقه الإسلامي) والذي قام بتأليفه محمد عبد الله محمد الشنقيطي، موضوع (الفقه الإسلامي) في هذا الكتاب يبين لنا المؤلف أن الشريعة جاءت لتنظم للبشر جوانب الحياة كلها. فقد جاءت بنظام القضاء ووضعت له ضوابط ووسائل تضمن سيره حسب مستجدات العصور، فسدت باب الإختلاف والشقاق بين الناس، وشرع الله سبحانه وتعالى البينات التي هي الدرع الواقية من النزاع أولا. والدواء الشافي لما يحصل من النزاع ثانيا، فهي الوسيلة الأولى والأخيرة لفض النزاع. الكتاب دراسة تصمن العديد من المواضيع منها: القضاء ومكانته في الشريعة الإسلامية. الدعوى وصلتها بالقضاء، التعريف بالتعارض، تحقيق معنى البينة. أركان التعارض وشروطه، محل التعارض، الشهادات. علم القاضي، القرائن، بيان الخلاف في البدء بالجمع قبل الترجيح عند حصول التعارض. موقف القاضي عند عدم إمكان الجمع أو الترجيح. | ||
| 650 | 7 |
_aالفقه الإسلامي _xمذاهب _2aucsh |
|
| 650 | 7 |
_aالدعاوى والبينات (فقه إسلامي) _2aucsh |
|
| 942 |
_2ddc _cBOOK _n0 |
||
| 949 |
_aSA-JeALM _d250416 _umohamedma123 _n1 |
||
| 999 |
_c7137 _d7137 |
||